|
|
|
|
| LEADER |
00000nam0a2200000 4500 |
| 001 |
112299 |
| 005 |
20231031121418.0 |
| 035 |
|
|
|a (RuTPU)RU\TPU\book\121405
|
| 035 |
|
|
|a RU\TPU\book\121381
|
| 090 |
|
|
|a 112299
|
| 100 |
|
|
|a 20070326d2006 k y0rusy50 ca
|
| 101 |
0 |
|
|a rus
|
| 102 |
|
|
|a RU
|
| 105 |
|
|
|a y b 000zy
|
| 200 |
1 |
|
|a Энергетическое оборудование для тепловых электростанций и промышленной энергетики
|e номенклатурный каталог
|e 08-03
|h Ч. 3
|f Институт промышленных каталогов; ООО "Инпромкаталог"; сост. Н. Н. Бакланова; Г. Р. Побережский; Т. В. Сергеева
|
| 210 |
|
|
|a Москва
|c Инпромкаталог
|d 2006
|
| 215 |
|
|
|a 58 с.
|
| 225 |
1 |
|
|a Каталог
|
| 330 |
|
|
|a Настоящий каталог является переизданным каталогом (08-03), подготовленным в 2003 г. ЦНИИТЭИтяжмашем. В номенклатурном каталоге-справочнике содержатся сведения о назначении, краткие технические характеристики паровых и газовых турбин для привода компрессоров и нагнетателей, паровых энергетических и технологических турбин, водоподготовительного оборудования и вспомогательного водоподготовительного оборудования, а также теплообменного оборудования паротурбинных установок. Оборудование, включенное в данный каталог, является перспективным, впервые публикуется в изданиях ЦНИИТЭИтяжмаша. При этом информационные материалы, представленные ОАО «Турбомоторный завод» (г. Екатеринбург), специалисты ЦНИИТЭИтяжмаша посчитали целесообразным включить в полном объеме отдельным разделом в редакции производителя и с описанием назначения и функций производимого оборудования.
|
| 610 |
1 |
|
|a тепловые электростанции
|
| 610 |
1 |
|
|a ТЭС
|
| 610 |
1 |
|
|a энергетическое оборудование
|
| 610 |
1 |
|
|a паровые турбины
|
| 610 |
1 |
|
|a газовые турбины
|
| 610 |
1 |
|
|a парогазовые установки
|
| 610 |
1 |
|
|a водоподготовительное оборудование
|
| 610 |
1 |
|
|a назначение
|
| 610 |
1 |
|
|a технические характеристики
|
| 610 |
1 |
|
|a номенклатурные каталоги
|
| 675 |
|
|
|a 621.311.22.0025(085)
|v 3
|
| 702 |
|
1 |
|a Бакланова
|b Н. Н.
|4 220
|
| 702 |
|
1 |
|a Побережский
|b Г. Р.
|4 220
|
| 702 |
|
1 |
|a Сергеева
|b Т. В.
|4 220
|
| 712 |
0 |
2 |
|a Институт промышленных каталогов (Инпромкаталог)
|c (Москва)
|2 stltpush
|3 (RuTPU)RU\TPU\col\5845
|
| 801 |
|
1 |
|a RU
|b 63413507
|c 20070326
|g PSBO
|
| 801 |
|
2 |
|a RU
|b 63413507
|c 20090211
|g PSBO
|
| 942 |
|
|
|c BK
|